00808 2200301 4500001002100000005001500021035002500036008004100061020002200102040001700124082001500141084001700156100002400173245006200197250001100259260003300270300002500303504003400328650001700362700001700379850001200396007000300408090002100411090002200432041000800454999002200462990002200484INLIS00000000001955520200716033227 a0010-041600000000559160429s2015 yoi fr ind d a978-602-297-184-3 aYOPDYOGeind04222a297.54 a297.54 AZI y0 aAzizah Hefnid1987-00aYuk, istiqamah! /cAzizah Hefni; penyunting, Binta Rasyid aCet. 13 aYogyakarta :bSafirah,c2015 a162 halaman ;c20 cm aBibliografi : halaman 160-162 4aAmal (Islam)0 aBinta Rosyid aYOPDYOGta aDEP 297.54 AZI y aCB-D.11 2015-16700 aara aCB-D.11/2015-1670 aCB-D.11/2015-1670